000 00342nam a22001217a 4500
008 180514b xxu||||| |||| 00| 0 eng d
041 _aeng
080 _a043.3
100 _a0
101 _aSHKI-BTH
245 _aAplikimi i CMS për krijimin e Portal: Përdorimi i DotNetNuke për ndërtimin e Portal dhe WebSite
_cQorri,M
942 _2udc
_cBK
999 _c45746
_d45746